000
00298nam a22001217a 4500
008
231102b |||||||| |||| 00| 0 eng d
100
_a
Moore, Franklin G.
_9
6258
245
_a
Manufacturing Management
250
_a
4th ed.
260
_a
Bombay;
_b
D.P.T.Pub.;
_c
1965;
300
_a
892p
942
_c
BK
999
_c
40332
_d
40332